| 000 | 00363nam a22001337a 4500 | ||
|---|---|---|---|
| 082 |
_a355.4 _bBIR _cL-30, P-19 |
||
| 100 |
_aBirnie, Arthur _948786 |
||
| 245 |
_aThe Art of War _cBirnie, Arthur |
||
| 260 |
_aPakistan _bRoyal Pakistan Engineers |
||
| 300 |
_a270 _bill,; _c25cm |
||
| 526 |
_a0 _b0 _c0 _d355_400000000000000_BIR |
||
| 650 |
_aMCE _9379 |
||
| 942 |
_2ddc _cBK |
||
| 999 |
_c551641 _d551641 |
||